| 000 | 00692nam a2200229Ia 4500 | ||
|---|---|---|---|
| 003 | OSt | ||
| 005 | 20220925184625.0 | ||
| 006 | a|||||r|||| 00| 0 | ||
| 007 | ta | ||
| 008 | 220923b |||||||| |||| 00| 0 eng d | ||
| 037 | _cGeneral Book | ||
| 040 |
_aRTL _cRTL _beng |
||
| 041 |
_2eng _aeng |
||
| 082 | _aX71:75. 236.N66<---N65 t5, K5 | ||
| 110 | _aGUJRAT (Govt. of--) | ||
| 245 | 0 | _aFinancial ststement (budget) of govt. of gujrat for the yr. 1965-66 | |
| 260 |
_aAhmedabad _bThe govt. central press _c1965 |
||
| 300 |
_a37p _ccm. |
||
| 700 | _aGUJRAT (Govt. of--) | ||
| 942 |
_hX71:75. 236.N66<---N65 t5, K5 _cGB _2CC |
||
| 999 |
_c508336 _d508336 |
||